Antimonopolní politika Evropské unie

Antimonopolná politika ako jedna zo základných politík Európskej únie. Európske antimonopolné zákonodarstvo. Reštriktívne dohody. Dominantné postavenie. Zlučovanie podnikov. Európska antimonopolná referma.

Salvato in:
Dettagli Bibliografici
Autore principale: Paneš, Patrik
Natura: Capitolo di libro
Lingua:ceco
Soggetti:
Tags: Aggiungi Tag
Nessun Tag, puoi essere il primo ad aggiungerne!!

MARC

LEADER 00000naa$a2200000$$$4500
001 0060177
005 20231102111155.4
041 0 |a cze 
044 |a SK 
245 1 0 |a Antimonopolní politika Evropské unie  |c Patrik Paneš 
520 |a Antimonopolná politika ako jedna zo základných politík Európskej únie. Európske antimonopolné zákonodarstvo. Reštriktívne dohody. Dominantné postavenie. Zlučovanie podnikov. Európska antimonopolná referma. 
610 2 0 |a politika protimonopolná 
610 2 0 |a koncentrácia 
610 2 0 |a konkurencia 
610 2 0 |a zákonodarstvo 
610 2 0 |a Európska únia 
100 1 |a Paneš, Patrik